| 000 | 01346nam a2200241 a 4500 | ||
|---|---|---|---|
| 001 | 000041012 | ||
| 005 | 20201002034542.0 | ||
| 008 | 130913s2005 sp a 000 0 spa d | ||
| 040 |
_aDO-SdBNP _bspa _cBNPHU |
||
| 111 | 1 |
_aSimposio Internacional de Arqueología de Mérida "Protohistoria del Mediterráneo Occidental" _n(3º : _d2003 _cMérida) _967468 |
|
| 245 | 1 | 3 |
_aEl período orientalizante : _bactas del III Simposio Internacional de Arqueología de Mérida, Protohistoria del Mediterráneo Occidental / _ceditores Sebastián Celestino Pérez, Javier Jiménez Ávila. |
| 260 |
_aMérida : _bConsejo Superior de Investigaciones Científicas, _c2005. |
||
| 300 |
_a1440 p. : _bil. ; _c29 cm. |
||
| 490 | 1 |
_aAnejos de Archivo español de arqueología _v35 |
|
| 505 | 0 |
_gv. 2 : _tActas del III Simposio Internacional de Arqueología de Mérida, Protohistoria del Mediterráneo Occidental |
|
| 500 | _aIncluye referencias bibliográficas y notas al pie de las páginas | ||
| 534 | _aTextos en español, inglés, alemán, italiano y portugués | ||
| 700 | 1 |
_aCelestino Pérez, Sebastián _ded _967469 |
|
| 700 | 1 |
_aJiménez Ávila, F. Javier _eed. _967470 |
|
| 710 | 2 |
_aConsejo Superior de Investigaciones Científicas _94786 |
|
| 710 | 2 |
_aMinisterio de Educación y Ciencia _967471 |
|
| 830 | 0 |
_aAnejos de Archivo español de arqueología _v35 _967472 |
|
| 999 |
_c40502 _d40502 |
||